| 000 | 00521nac a22002170a 4500 | ||
|---|---|---|---|
| 001 | PT33948 | ||
| 003 | AR-LpoUNG | ||
| 005 | 20210201005321.0 | ||
| 008 | 201001suuuu||||ag |||||||||||||||||spa d | ||
| 040 |
_aAR-LpoUNG _bspa _eaacr |
||
| 041 | _aspa | ||
| 082 | 0 | _aA863 862v1 | |
| 100 | 1 | _aAtanasiú, Andrés Homero | |
| 245 | 1 | 0 | _aAntología de cuentistas |
| 260 |
_as.l. _bs.e. _cs.f. |
||
| 490 | 0 | _aAntología de cuentistas | |
| 700 | 1 | _aCopati, Elsa | |
| 700 | 1 | _aFidanza, Yoli | |
| 905 | _a33948 | ||
| 942 | _cLIB | ||
| 999 |
_c49117 _d49117 |
||